Optical projection : a treatise on the use of the lantern in exhibition and scientific demonstration /

Bibliographic Details
Main Author: Wright, Lewis, 1838-1905
Other Authors: Wright, Russell Stuart
Format: Book
Language:English
Published: London, New York Bombay : Longmans, Green and co., 1911.
Subjects:

MARC

Tag First Indicator Second Indicator Subfields
LEADER 00000cam a2200000 4500
001 in00000051183
005 20151007065911.0
008 730126s1911 enk 00000 eng u
035 |a (OCoLC)00546184 
035 |9 AAE2928AM 
040 |c KSU  |d TXA  |d UtOrBLW 
049 |a TXAM  |c [102816] 
090 |a Q186  |b .W9 1911 
092 |a 535  |b W951o, 1911 
100 1 |a Wright, Lewis,  |d 1838-1905. 
245 1 0 |a Optical projection :  |b a treatise on the use of the lantern in exhibition and scientific demonstration /  |c by Lewis Wright ... Rev. by Russell S. Wright. 
264 1 |a London,  |a New York  |a Bombay :  |b Longmans, Green and co.,  |c 1911. 
300 |a 1 page ., viii, 2 unnumbered pages, 450 pages, 2 unnumbered pages :  |b illustrations ;  |c 19 cm. 
336 |a text  |b txt  |2 rdacontent 
337 |a unmediated  |b n  |2 rdamedia 
338 |a sheet  |b nb  |2 rdacarrier 
650 0 |a Lantern projection. 
700 1 |a Wright, Russell Stuart. 
999 |a MARS 
999 f f |s 7cd44eff-208a-336b-9b02-9413e13657d6  |i 1b839fd7-05ff-3022-bf64-816f3dcb89ee  |t 0 
952 f f |p ric  |a Texas A&M University  |b Rellis Campus  |c Joint Library Facility  |d Remote Storage  |t 0  |e Q186 .W9 1911  |h Library of Congress classification  |i unmediated -- sheet  |m A14800916884 
998 f f |a Q186 .W9 1911  |t 0  |l Remote Storage